Food mentioned in Katseye’s songs - Statistics

General Stats
  • This quiz has been taken 65 times
  • The average score is 25 of 32
Answer Stats
Hint Answer % Correct
Gnarly Boba Tea
98%
Gnarly Fried Chicken
98%
Internet Girl Zucchini
88%
Internet Girl Zucchini
88%
Internet Girl Zucchini
88%
Internet Girl Zucchini
88%
Internet Girl (Zucchini)
88%
Internet Girl Zucchini
88%
Internet Girl Zucchini
88%
Internet Girl Zucchini
88%
Internet Girl (Zucchini)
88%
Internet Girl (Zucchini)
88%
Internet Girl (Zucchini)
88%
Internet Girl Zucchini
88%
Internet Girl Zucchini
88%
Internet Girl Zucchini
88%
Internet Girl Zucchini
88%
Internet Girl Zucchini
88%
Internet Girl Zucchini
88%
Internet Girl Zucchini
88%
Internet Girl Zucchini
88%
Internet Girl Zucchini
88%
Internet Girl (Zucchini)
88%
Gnarly Bag of Takis
86%
Gnarly Bag of Takis
86%
Milkshake (GAP ADD) Milkshake
82%
Milkshake (GAP ADD) Milkshake
82%
Debut Cookie
58%
Gnarly Hottie
16%
Gnarly Hottie
16%
Gnarly Hottie
16%
Gnarly Hottie
16%
No matching quizzes found
Score Distribution
Percent of People with Each Score
Percentile by Number Answered
Your Score History
You have not taken this quiz